Theory & Problems of Computer Graphics (Record no. 18902)

MARC details
000 -LEADER
fixed length control field 00380nam a2200145Ia 4500
008 - FIXED-LENGTH DATA ELEMENTS--GENERAL INFORMATION
fixed length control field 221030s9999 xx 000 0 und d
020 ## - INTERNATIONAL STANDARD BOOK NUMBER
ISBN 0070991537
041 ## - LANGUAGE CODE
Language code of text/sound track or separate title
100 ## - MAIN ENTRY--AUTHOR NAME
Personal name R. A. Plastok
245 #0 - TITLE STATEMENT
Title Theory & Problems of Computer Graphics
Statement of responsibility, etc by R. A. Plastok
260 ## - PUBLICATION, DISTRIBUTION, ETC. (IMPRINT)
Name of publisher McGraw - Hill Pub.
Place of publication New York
Year of publication 1987
300 ## - PHYSICAL DESCRIPTION
Number of Pages 340
650 ## - SUBJECT ADDED ENTRY--TOPICAL TERM
Topical Term BB Computer
942 ## - ADDED ENTRY ELEMENTS (KOHA)
Koha item type Books
Holdings
Accession Number Cost, normal purchase price Source of acquisition Price effective from Koha item type Withdrawn / writtenoff status Materials specified (bound volume or other part) Damaged status Not for loan Permanent Location Current Location Shelving location Date acquired Lost/ Missing status department
BB 1021 250.00 Donation 10/30/2022 Books   Print     MIET Library, Jammu MIET Library, Jammu BL-Academic Block B, FL-2, CUP-73, SH-2, R-2 02/01/2022   BB